000 00456nam a22001817a 4500
003 MPLRDC
005 20220104174118.0
008 210129b ||||| |||| 00| 0 eng d
020 _a0-87701-408-6
082 _a947.17 ALLE v.3
100 _aJEANNE ALLEN
245 _aDESIGNER'S GUIDE TO COLOR; 3
_c
250 _a初版
260 _a
_bCHRONICLE BOOKS
_c1986
300 _b
650 _a一般西洋画法--採色
942 _cBK
_o947.17 ALLE v.3
999 _c59716
_d59706